Un nouveau XVIIe siècle (notice n° 1653836)

détails MARC
000 -LEADER
fixed length control field 01373cam a2200157 4500500
005 - DATE AND TIME OF LATEST TRANSACTION
control field 20260208005810.0
041 ## - LANGUAGE CODE
Language code of text/sound track or separate title fre
042 ## - AUTHENTICATION CODE
Authentication code dc
100 10 - MAIN ENTRY--PERSONAL NAME
Personal name Merlin-Kajman, Hélène
Relator term author
245 00 - TITLE STATEMENT
Title Un nouveau XVIIe siècle
260 ## - PUBLICATION, DISTRIBUTION, ETC.
Date of publication, distribution, etc. 2005.<br/>
500 ## - GENERAL NOTE
General note 79
520 ## - SUMMARY, ETC.
Summary, etc. Par son ampleur, par sa liberté de ton et d’inspiration, le roman de Mme d’Épinay Histoire de Madame de Montbrillant est l’égal des chefs-d’œuvre du genre épistolaire : Clarisse Harlowe, La Nouvelle Héloïse ou Les Liaisons dangereuses. D’où vient la relative méconnaissance dont il souffre encore aujourd’hui ? D’influents critiques rousseauistes, certes, se sont ligués contre un ouvrage qui, dans son dernier tiers, présente une version transposée des « affaires de l’Ermitage » défavorable à Rousseau. Mais les réticences de Mme d’Épinay elle-même à assumer le statut de romancière et de femmes de lettres sont également responsables de bien des malentendus : cas très représentatif des censures, génératrices d’inhibitions profondes, auxquelles se heurtait alors l’affirmation d’une auctoritas féminine.
786 0# - DATA SOURCE ENTRY
Note Revue d'histoire littéraire de la France | 105 | 1 | 2005-02-01 | p. 11-36 | 0035-2411
856 41 - ELECTRONIC LOCATION AND ACCESS
Uniform Resource Identifier <a href="https://shs.cairn.info/revue-d-histoire-litteraire-de-la-france-2005-1-page-11?lang=fr&redirect-ssocas=7080">https://shs.cairn.info/revue-d-histoire-litteraire-de-la-france-2005-1-page-11?lang=fr&redirect-ssocas=7080</a>

Pas d'exemplaire disponible.

PLUDOC

PLUDOC est la plateforme unique et centralisée de gestion des bibliothèques physiques et numériques de Guinée administré par le CEDUST. Elle est la plus grande base de données de ressources documentaires pour les Étudiants, Enseignants chercheurs et Chercheurs de Guinée.

Adresse

627 919 101/664 919 101

25 boulevard du commerce
Kaloum, Conakry, Guinée

Réseaux sociaux

Powered by Netsen Group @ 2025